00424nam a2200121Ia 4500008004100000245005700041245003800098260000900136650001400145856005100159999001900210952007300229171211s9999 xx 000 0 und d aCommon Core Skills & Strategies For Reading, Level 5 cSaddleback Educational Publishing c2013 xLANGUAGES uhttp://down.ebook777.com/024/9781622500567.pdf c349763d349763 001040aCLbCLd2017-12-11l0r2017-12-11 00:00:00w2017-12-11yCBE